| 000 | 00394cam a2200157ua 4500 | ||
|---|---|---|---|
| 041 |
_aeng _h |
||
| 082 |
_a891.54 _bVIS/SW |
||
| 100 | _aVishnu prabhakar, . | ||
| 245 |
_aSwapnamadhi / _cVishnu prabhakar. _hTextual Documents |
||
| 250 |
_a1 / _b. |
||
| 260 |
_aDelhi : _bRaykamal Prakasham Private Limited , _c1956. |
||
| 300 | _a132 ; . | ||
| 504 | _a | ||
| 942 | _cBK | ||
| 999 |
_c2939 _d2939 |
||